Исследование возможности взаимодействия поли-N-эпоксипропилкарбазола с трифенилметановыми красителями; Известия Томского политехнического университета [Известия ТПУ]; Т. 309, № 6
| Parent link: | Известия Томского политехнического университета [Известия ТПУ]/ Томский политехнический университет (ТПУ).— , 2000- Т. 309, № 6.— 2006.— [С. 101-104] |
|---|---|
| Awduron Eraill: | , , , |
| Crynodeb: | Заглавие с титульного листа Электронная версия печатной публикации Методом ЯМР-спектроскопии исследованы взаимодействия между трифенилметановым красителем или тройным комплексом трифенилметанового красителя и поли-N-эпоксипропилкарбазолом. Показано, что полимерный органический полупроводник и краситель взаимодействуют в основном состоянии, образуя слабые комплексы с переносом заряда. |
| Iaith: | Rwseg |
| Cyhoeddwyd: |
2006
|
| Cyfres: | Технические науки |
| Pynciau: | |
| Mynediad Ar-lein: | http://www.lib.tpu.ru/fulltext/v/Bulletin_TPU/2006/v309/i6/25.pdf |
| Fformat: | MixedMaterials Electronig Pennod Llyfr |
| KOHA link: | https://koha.lib.tpu.ru/cgi-bin/koha/opac-detail.pl?biblionumber=171641 |
MARC
| LEADER | 00000nla2a2200000 4500 | ||
|---|---|---|---|
| 001 | 171641 | ||
| 005 | 20231031164034.0 | ||
| 035 | |a (RuTPU)RU\TPU\book\186100 | ||
| 035 | |a RU\TPU\book\186099 | ||
| 090 | |a 171641 | ||
| 100 | |a 20091207d2006 k y0rusy50 ca | ||
| 101 | 0 | |a rus | |
| 102 | |a RU | ||
| 135 | |a drnn ---uucaa | ||
| 181 | 0 | |a i | |
| 182 | 0 | |a b | |
| 200 | 1 | |a Исследование возможности взаимодействия поли-N-эпоксипропилкарбазола с трифенилметановыми красителями |b Электронный ресурс |f Н. С. Коботаева [и др.] | |
| 203 | |a Текст |c электронный | ||
| 215 | |a 1 файл (363 Кб) | ||
| 225 | 1 | |a Технические науки | |
| 230 | |a Электронные текстовые данные (1 файл : 363 Кб) | ||
| 300 | |a Заглавие с титульного листа | ||
| 300 | |a Электронная версия печатной публикации | ||
| 320 | |a [Библиогр.: с. 104 (13 назв.)] | ||
| 330 | |a Методом ЯМР-спектроскопии исследованы взаимодействия между трифенилметановым красителем или тройным комплексом трифенилметанового красителя и поли-N-эпоксипропилкарбазолом. Показано, что полимерный органический полупроводник и краситель взаимодействуют в основном состоянии, образуя слабые комплексы с переносом заряда. | ||
| 337 | |a Adobe Reader | ||
| 461 | 1 | |0 (RuTPU)RU\TPU\book\176237 |t Известия Томского политехнического университета [Известия ТПУ] |f Томский политехнический университет (ТПУ) |d 2000- | |
| 463 | 1 | |0 (RuTPU)RU\TPU\book\186033 |t Т. 309, № 6 |v [С. 101-104] |d 2006 |p 256 с. | |
| 610 | 1 | |a взаимодействия | |
| 610 | 1 | |a полиэпоксипропилкарбазолы | |
| 610 | 1 | |a трифенилметановые красители | |
| 610 | 1 | |a ЯМР-спектроскопия | |
| 610 | 1 | |a тройные комплексы | |
| 610 | 1 | |a органические проводники | |
| 610 | 1 | |a полимерные проводники | |
| 610 | 1 | |a заряды | |
| 610 | 1 | |a электронный ресурс | |
| 701 | 1 | |a Коботаева |b Н. С. | |
| 701 | 1 | |a Огородников |b В. Д. | |
| 701 | 1 | |a Микубаева |b Е. В. | |
| 701 | 1 | |a Сироткина |b Е. Е. | |
| 801 | 1 | |a RU |b 63413507 |c 20090623 |g PSBO | |
| 801 | 2 | |a RU |b 63413507 |c 20211110 |g PSBO | |
| 856 | 4 | |u http://www.lib.tpu.ru/fulltext/v/Bulletin_TPU/2006/v309/i6/25.pdf | |
| 942 | |c CF | ||